KOHA-Header-6

Bulding Java Enterprise Systems with J2ee (Record no. 9699)

000 -LEADER
fixed length control field 00284nam a2200109Ia 4500
100 ## - MAIN ENTRY--AUTHOR NAME
Personal name Perrone,paul j.
245 #0 - TITLE STATEMENT
Title Bulding Java Enterprise Systems with J2ee
260 ## - PUBLICATION, DISTRIBUTION, ETC. (IMPRINT)
Place of publication Canada
Name of publisher Tata McGraw Hill
Year of publication 2004
300 ## - PHYSICAL DESCRIPTION
Number of Pages 399
942 ## - ADDED ENTRY ELEMENTS (KOHA)
Koha item type Books
Holdings
Withdrawn status Lost status Collection code Permanent Location Current Location Shelving location Date acquired Full call number Accession Number Koha item type
    Computer Languages MAJU MAJU Shelf No.A18 2019-09-14 658 5614 Computer Languages

Powered by Koha